000 00918nam a22003017i 4500
003 EG-GICUC
005 20260211124422.0
008 260211s1935 ge ||||fr|||| 000 0 ger d
040 _aEG-GiCUC
_bger
_cEG-GiCUC
_dEG-GiCUC
_eRda
082 0 4 _221
_a341.6
_bKU . K
092 0 4 _221
099 _aLaw1 11 341.6 KU . K 1935
100 1 _aKunz, Josef L
_eAuthor.
245 1 0 _aKriegsrecht Und Neutralitätsrecht /
_b
_cJosef L. Kunz.
_n
264 1 _aWien :
_bVerlag Von Julius Springer,
_c1935.
300 _a335page :
_billustration ;
_c 24 cm.
336 _2rda contenu
_a texte
337 _2rda medias
_aOrdinateur
338 _2 transporteur rda
_a Ressource en ligne
500 _a
504 _a
546 _a Text in German
650 1 4 _aPublic international law
_2
651 1 _2
856 4 0 _uhttps://fll.law.cu.edu.eg/fulltext/bks/B11-07548.pdf
905 _a50
942 _2ddc
_cBK
_e21
_n0
999 _c62580
_d62580